Novšie parametre a dispozícia rozvojového manažmentu výroby a logistiky v podnikaní
Problematika rozvojového manažmentu výroby v podnikaní a jeho súvislostí. Zdokonaľovanie rozvojových problémov a „klasickej“ vednej disciplíny rozvojového manažmentu výroby (Production Development Management). Klasická interpretácia rozvojových procesov v oblasti manažmentu výroby. Obsah, parametre...
Salvato in:
| Autore principale: | |
|---|---|
| Natura: | Capitolo di libro |
| Lingua: | slovacco |
| Soggetti: | |
| Tags: |
Nessun Tag, puoi essere il primo ad aggiungerne!!
|
MARC
| LEADER | 00000naa$a2200000$$$4500 | ||
|---|---|---|---|
| 001 | 0270338 | ||
| 005 | 20240521100702.6 | ||
| 041 | 0 | |a slo | |
| 044 | |a SK | ||
| 245 | 1 | 0 | |a Novšie parametre a dispozícia rozvojového manažmentu výroby a logistiky v podnikaní |c Andrej Dupaľ |
| 520 | |a Problematika rozvojového manažmentu výroby v podnikaní a jeho súvislostí. Zdokonaľovanie rozvojových problémov a „klasickej“ vednej disciplíny rozvojového manažmentu výroby (Production Development Management). Klasická interpretácia rozvojových procesov v oblasti manažmentu výroby. Obsah, parametre a dispozícia rozvojového manažmentu výroby (logistiky) v súčasnom podnikaní. Uplatňovanie rozvojového manažmentu v synergizácii s logistikou. | ||
| 610 | 2 | 0 | |a riadenie výroby |
| 610 | 2 | 0 | |a potenciál výrobný |
| 610 | 2 | 0 | |a rozvoj podniku |
| 610 | 2 | 0 | |a politika rozvojová |
| 610 | 2 | 0 | |a stratégia inovačná |
| 610 | 2 | 0 | |a logistika |
| 610 | 2 | 0 | |a prostredie podnikové |
| 100 | 1 | |a Dupaľ, Andrej | |